[Event "Pune Rapid op 12th"]
[Site "Pune"]
[Date "2024.05.23"]
[Round "8"]
[White "Snehal, Bohosale"]
[Black "Ghosh, Diptayan"]
[Result "1-0"]
[WhiteElo "2121"]
[BlackElo "2445"]
[PlyCount "117"]
[EventDate "2024.05.23"]
[EventType "swiss (rapid)"]
[EventRounds "9"]
[EventCountry "IND"]
[SourceTitle "CBM 220 Extra"]
[Source "ChessBase"]
[SourceDate "2024.07.31"]
[SourceVersion "1"]
[SourceVersionDate "2024.07.31"]
[SourceQuality "1"]

1. d4 Nf6 2. Nf3 d5 3. c4 e6 4. Nc3 dxc4 5. e3 a6 6. a4 b6 7. Bxc4 Bb7 8. 0-0 Bb4 9. Ne5 0-0 10. Qe2 Nbd7 11. Nd3 c5 12. Nxb4 cxb4 13. Na2 a5 14. Rd1 Qe7 15. f3 e5 16. e4 Rac8 17. Be3 exd4 18. Bxd4 Nc5 19. Nc1 Rfd8 20. Nb3 Nfd7 21. Be3 Nxb3 22. Bxb3 Nc5 23. Bc4 Rxd1+ 24. Rxd1 Nxa4 25. Bb5 Nc5 26. Qd2 Bc6 27. Bg5 Qe8 28. Bxc6 Rxc6 29. Qd8 Re6 30. Qc7 h6 31. Rd8 hxg5 32. Rxe8+ Rxe8 33. Qxb6 Nd3 34. Qxa5 Rc8 35. g3 Rc1+ 36. Kg2 Rc2+ 37. Kg1 Rc1+ 38. Kg2 Rc2+ 39. Kf1 Rf2+ 40. Kg1 Rxf3 41. Qxg5 b3 42. Qd8+ Kh7 43. Qd5 Ne1 44. Qa5 Re3 45. Kf2 Nc2 46. Qf5+ Kg8 47. Qc8+ Kh7 48. Qb7 f6 49. Qd5 Kh8 50. h4 Kh7 51. h5 Kh8 52. g4 Rh3 53. e5 Ne3 54. Qd8+ Kh7 55. e6 Nxg4+ 56. Kg2 Rxh5 57. e7 Ne3+ 58. Kf3 Rh3+ 59. Ke4 1-0

[Event "Titled Tuesday intern op 30th Apr Early"]
[Site "Chess.com INT"]
[Date "2024.04.30"]
[Round "4"]
[White "Gordon, Frederick"]
[Black "Snehal, Bohosale"]
[Result "0-1"]
[WhiteElo "2362"]
[BlackElo "2270"]
[PlyCount "106"]
[EventDate "2024.04.30"]
[EventType "swiss (blitz)"]
[EventRounds "11"]
[EventCountry "USA"]
[SourceTitle "CBM 220 Extra"]
[Source "ChessBase"]
[SourceDate "2024.07.31"]
[SourceVersion "1"]
[SourceVersionDate "2024.07.31"]
[SourceQuality "1"]

1. d4 Nf6 2. c4 e6 3. Nf3 Bb4+ 4. Bd2 Qe7 5. e3 0-0 6. Bd3 Bxd2+ 7. Qxd2 d6 8. Nc3 Nc6 9. 0-0 a5 10. Bc2 b6 11. e4 e5 12. d5 Nb4 13. a3 Na6 14. Ba4 Bg4 15. Qe3 Nc5 16. Bc6 Rab8 17. Nd2 Bd7 18. b4 Bxc6 19. dxc6 Ne6 20. Nd5 Nxd5 21. cxd5 Nd4 22. Qd3 a4 23. Nf3 Nb3 24. Rae1 g6 25. Nd2 Nd4 26. f4 f6 27. fxe5 fxe5 28. g3 Rxf1+ 29. Rxf1 Rf8 30. Kg2 Qg5 31. Rxf8+ Kxf8 32. Nf3 Nxf3 33. Qxf3+ Kg7 34. Qd3 Qc1 35. h4 Qb2+ 36. Kh3 Qb3 37. Qa6 Qxa3 38. Qb7 Qf3 39. Qxc7+ Kh6 40. Qxd6 Qh1+ 41. Kg4 Qxe4+ 42. Kh3 Qf5+ 43. Kg2 a3 44. Qe6 Qe4+ 45. Kh2 a2 46. Qf6 Qe3 47. g4 Qe2+ 48. Kg3 Qe3+ 49. Qf3 Qxf3+ 50. Kxf3 a1Q 51. b5 Qc3+ 52. Kg2 Qd2+ 53. Kh3 Qxd5 0-1

[Event "Titled Tuesday intern op 30th Apr Early"]
[Site "Chess.com INT"]
[Date "2024.04.30"]
[Round "10"]
[White "Ozalp, Burak"]
[Black "Snehal, Bohosale"]
[Result "0-1"]
[WhiteElo "2127"]
[BlackElo "2270"]
[PlyCount "104"]
[EventDate "2024.04.30"]
[EventType "swiss (blitz)"]
[EventRounds "11"]
[EventCountry "USA"]
[SourceTitle "CBM 220 Extra"]
[Source "ChessBase"]
[SourceDate "2024.07.31"]
[SourceVersion "1"]
[SourceVersionDate "2024.07.31"]
[SourceQuality "1"]

1. c4 Nf6 2. Nf3 g6 3. g3 Bg7 4. Bg2 d6 5. 0-0 e5 6. Nc3 0-0 7. Rb1 a5 8. a3 Re8 9. d3 c6 10. Bg5 h6 11. Bxf6 Qxf6 12. Nd2 Be6 13. b4 axb4 14. axb4 Qe7 15. b5 Ra3 16. Qc1 Ra7 17. Qc2 Rc8 18. Rfc1 Nd7 19. bxc6 bxc6 20. Na4 Raa8 21. Nb6 Nxb6 22. Rxb6 d5 23. Rcb1 f5 24. Rb7 Qa3 25. h4 e4 26. Nb3 Rcb8 27. Na5 Rxb7 28. Nxb7 dxc4 29. dxe4 Qa2 30. Qxa2 Rxa2 31. Nc5 c3 32. Nxe6 c2 33. Rc1 Ra1 34. Rxa1 Bxa1 35. Kh2 c1Q 36. exf5 gxf5 37. Nf4 Be5 38. Nd3 Qc3 39. Bf3 c5 40. Kg2 c4 41. Nc5 Bd4 42. Ne6 Bb6 43. Bd5 Kh8 44. Nf4 Qd4 45. Ng6+ Kh7 46. Nf4 c3 47. Bf7 c2 48. Bg6+ Kh8 49. Bxf5 c1Q 50. Ng6+ Kg7 51. h5 Qc6+ 52. Kh3 Qh1# 0-1

[Event "Titled Tuesday intern op 30th Apr Early"]
[Site "Chess.com INT"]
[Date "2024.04.30"]
[Round "2"]
[White "Snehal, Bohosale"]
[Black "Suleymanli, Suleyman"]
[Result "1-0"]
[WhiteElo "2270"]
[BlackElo "2246"]
[PlyCount "93"]
[EventDate "2024.04.30"]
[EventType "swiss (blitz)"]
[EventRounds "11"]
[EventCountry "USA"]
[SourceTitle "CBM 220 Extra"]
[Source "ChessBase"]
[SourceDate "2024.07.31"]
[SourceVersion "1"]
[SourceVersionDate "2024.07.31"]
[SourceQuality "1"]

1. d4 d5 2. c4 e6 3. Nc3 Nf6 4. cxd5 exd5 5. Bg5 Be7 6. e3 h6 7. Bh4 c6 8. Bd3 Be6 9. Nge2 Nbd7 10. Qc2 0-0 11. f3 c5 12. 0-0 c4 13. Bf5 Bxf5 14. Qxf5 Nb8 15. Bxf6 Bxf6 16. Nxd5 Be7 17. Nec3 Nc6 18. Rad1 Bb4 19. Nxb4 Nxb4 20. Qb5 Nd3 21. b3 Rc8 22. bxc4 a6 23. Qb3 Re8 24. Rxd3 Qa5 25. e4 Red8 26. Nd5 Rb8 27. c5 Kh8 28. Rb1 Re8 29. Nb6 Red8 30. Qxf7 Rf8 31. Qb3 Rfd8 32. Qb2 Re8 33. a4 Rbd8 34. Qc2 Re6 35. d5 Rg6 36. Rdd1 Rf8 37. d6 Rg5 38. Rd5 Rxd5 39. exd5 Re8 40. Kf1 h5 41. d7 Rf8 42. c6 bxc6 43. dxc6 Qe5 44. c7 Qxh2 45. d8Q Qh1+ 46. Kf2 Qh4+ 47. Qxh4 1-0

[Event "Titled Tuesday intern op 23rd Apr Early"]
[Site "Chess.com INT"]
[Date "2024.04.23"]
[Round "9"]
[White "Snehal, Bohosale"]
[Black "Bartel, Michal"]
[Result "0-1"]
[WhiteElo "2270"]
[BlackElo "2252"]
[PlyCount "52"]
[EventDate "2024.04.23"]
[EventType "swiss (blitz)"]
[EventRounds "11"]
[EventCountry "USA"]
[SourceTitle "EXT 2025"]
[Source "ChessBase"]
[SourceDate "2024.10.14"]
[SourceVersion "1"]
[SourceVersionDate "2024.10.14"]
[SourceQuality "1"]

1. d4 Nf6 2. c4 c5 3. d5 e6 4. Nc3 exd5 5. cxd5 d6 6. Nf3 g6 7. Nd2 Nbd7 8. e4 Bg7 9. Bd3 0-0 10. 0-0 Re8 11. Re1 a6 12. a4 Ne5 13. Be2 g5 14. Nc4 Nxc4 15. Bxc4 h6 16. a5 b5 17. axb6 Qxb6 18. Qc2 Bd7 19. f4 Ng4 20. Ne2 Qb4 21. Bd2 Qxb2 22. Qxb2 Bxb2 23. Rab1 Rxe4 24. Bd3 Bd4+ 25. Nxd4 Rxd4 26. Be2 Rxd2 0-1

[Event "Budapest SixDays 09 IM"]
[Site "Budapest"]
[Date "2022.09.18"]
[Round "6"]
[White "Snehal, Bohosale"]
[Black "Vanczak, Tamas"]
[Result "1/2-1/2"]
[WhiteElo "2210"]
[BlackElo "2379"]
[PlyCount "91"]
[EventDate "2022.09.15"]
[EventType "tourn"]
[EventRounds "9"]
[EventCountry "HUN"]
[EventCategory "2"]
[SourceTitle "CBM 210 Extra"]
[Source "ChessBase"]
[SourceDate "2022.11.30"]
[SourceVersion "1"]
[SourceVersionDate "2022.11.30"]
[SourceQuality "1"]

1. d4 Nf6 2. c4 e6 3. Nc3 Bb4 4. Qc2 Nc6 5. Nf3 d6 6. a3 Bxc3+ 7. Qxc3 0-0 8. e3 a5 9. b3 Re8 10. Bb2 e5 11. dxe5 dxe5 12. Rd1 Qe7 13. Qc2 Bg4 14. Be2 e4 15. Nd4 Ne5 16. Bxg4 Nd3+ 17. Rxd3 exd3 18. Qd1 d2+ 19. Kf1 Nxg4 20. Qxg4 Qe4 21. Qd1 Rad8 22. Qxd2 c5 23. Qd1 a4 24. b4 cxd4 25. Bxd4 Qe6 26. Qd3 Rc8 27. c5 b6 28. h4 bxc5 29. bxc5 Rb8 30. Rh3 Qa2 31. Kg1 Qb1+ 32. Qxb1 Rxb1+ 33. Kh2 Rb3 34. Rg3 g6 35. Rg5 Rc8 36. Rd5 Kf8 37. Bf6 Rb5 38. Bc3 Ke7 39. Bb4 Rd8 40. c6+ Rxb4 41. c7 Rxd5 42. c8Q Rxh4+ 43. Kg3 Rhh5 44. f4 Ra5 45. Qc7+ Kf8 46. Qd8+ 1/2-1/2

[Event "Budapest SixDays 09 IM"]
[Site "Budapest"]
[Date "2022.09.17"]
[Round "4"]
[White "Snehal, Bohosale"]
[Black "Krizsany, Laszlo"]
[Result "1/2-1/2"]
[WhiteElo "2210"]
[BlackElo "2387"]
[PlyCount "39"]
[EventDate "2022.09.15"]
[EventType "tourn"]
[EventRounds "9"]
[EventCountry "HUN"]
[EventCategory "2"]
[SourceTitle "CBM 210 Extra"]
[Source "ChessBase"]
[SourceDate "2022.11.30"]
[SourceVersion "1"]
[SourceVersionDate "2022.11.30"]
[SourceQuality "1"]

1. d4 b6 2. e4 Bb7 3. Bd3 e6 4. Nf3 c5 5. c3 Nf6 6. Qe2 Be7 7. 0-0 d5 8. e5 Nfd7 9. Be3 Nc6 10. a3 c4 11. Bc2 b5 12. Nbd2 a5 13. Ne1 b4 14. f4 b3 15. Bb1 g6 16. g4 Nb6 17. f5 Na4 18. Ndf3 Na7 19. Qd2 Kd7 20. Ng5 1/2-1/2

[Event "Budapest FS09 IM"]
[Site "Budapest"]
[Date "2022.09.12"]
[Round "10"]
[White "Mirzoev, Azer"]
[Black "Snehal, Bohosale"]
[Result "1-0"]
[WhiteElo "2454"]
[BlackElo "2210"]
[PlyCount "71"]
[EventDate "2022.09.03"]
[EventType "tourn"]
[EventRounds "11"]
[EventCountry "HUN"]
[EventCategory "2"]
[SourceTitle "CBM 210 Extra"]
[Source "ChessBase"]
[SourceDate "2022.11.30"]
[SourceVersion "1"]
[SourceVersionDate "2022.11.30"]
[SourceQuality "1"]

1. Nf3 c5 2. c4 Nf6 3. Nc3 Nc6 4. d4 cxd4 5. Nxd4 e6 6. Ndb5 d6 7. Bf4 e5 8. Bg5 a6 9. Bxf6 gxf6 10. Na3 Qa5 11. Qd2 Be6 12. e3 Rd8 13. Nc2 d5 14. cxd5 Bxd5 15. Nxd5 Qxd2+ 16. Kxd2 Rxd5+ 17. Ke2 Rc5 18. Ne1 e4 19. g3 Bg7 20. Bh3 0-0 21. Rd1 f5 22. Rd2 Rc8 23. Ng2 Nb4 24. Nh4 Rc1 25. Rxc1 Rxc1 26. Bxf5 Nxa2 27. Bxe4 Bf6 28. Bxb7 Rb1 29. Bxa6 Rxb2 30. Rxb2 Bxb2 31. Nf5 Nc3+ 32. Kd3 Nd5 33. Bc4 Nb6 34. Nd6 Ba3 35. Bxf7+ Kg7 36. Nc4 1-0

[Event "Budapest FS09 IM"]
[Site "Budapest"]
[Date "2022.09.07"]
[Round "5"]
[White "Saypuri, Srithan"]
[Black "Snehal, Bohosale"]
[Result "0-1"]
[WhiteElo "2199"]
[BlackElo "2210"]
[PlyCount "40"]
[EventDate "2022.09.03"]
[EventType "tourn"]
[EventRounds "11"]
[EventCountry "HUN"]
[EventCategory "2"]
[SourceTitle "CBM 210 Extra"]
[Source "ChessBase"]
[SourceDate "2022.11.30"]
[SourceVersion "1"]
[SourceVersionDate "2022.11.30"]
[SourceQuality "1"]

1. e4 c5 2. Nf3 d6 3. d4 cxd4 4. Nxd4 Nf6 5. Nc3 Nc6 6. Bg5 e6 7. Qd3 Be7 8. 0-0-0 0-0 9. f4 Qb6 10. Nxc6 bxc6 11. e5 dxe5 12. fxe5 Nd5 13. Bxe7 Nxe7 14. Qe4 Rb8 15. Bd3 Ng6 16. h4 Qxb2+ 17. Kd2 Qb4 18. Bc4 Rd8+ 19. Ke2 Bb7 20. h5 c5 0-1

[Event "Budapest Aranytiz IM"]
[Site "Budapest"]
[Date "2022.08.19"]
[Round "2"]
[White "Snehal, Bohosale"]
[Black "Velarde Ramirez, Hiram de Jesus"]
[Result "1-0"]
[WhiteElo "2212"]
[BlackElo "2129"]
[PlyCount "61"]
[EventDate "2022.08.18"]
[EventType "tourn"]
[EventRounds "9"]
[EventCountry "HUN"]
[SourceTitle "CBM 209 Extra"]
[Source "ChessBase"]
[SourceDate "2022.09.30"]
[SourceVersion "1"]
[SourceVersionDate "2022.09.30"]
[SourceQuality "1"]

1. d4 d6 2. Nf3 g6 3. c4 Bg7 4. Nc3 e5 5. e4 Bg4 6. d5 Nd7 7. Be2 Bxf3 8. Bxf3 h5 9. 0-0 Bh6 10. Be2 Bxc1 11. Rxc1 Ngf6 12. b4 0-0 13. Qc2 a5 14. a3 axb4 15. axb4 Qe7 16. Rfd1 Rfc8 17. Ra1 Rxa1 18. Rxa1 c6 19. dxc6 bxc6 20. Ra7 Qd8 21. Qa4 Qb6 22. Qa6 Qxa6 23. Rxa6 Nf8 24. Bd3 Ne6 25. Ne2 Kg7 26. f3 d5 27. exd5 cxd5 28. c5 Rb8 29. Ra4 Nxc5 30. bxc5 Rb3 31. c6 1-0

[Event "Titled Tuesday intern op 02nd Aug Early"]
[Site "Chess.com INT"]
[Date "2022.08.02"]
[Round "2"]
[White "Snehal, Bohosale"]
[Black "Drygalov, Sergey"]
[Result "0-1"]
[WhiteElo "2212"]
[BlackElo "2547"]
[PlyCount "38"]
[EventDate "2022.08.02"]
[EventType "swiss (blitz)"]
[EventRounds "11"]
[EventCountry "USA"]
[SourceTitle "EXT 2023"]
[Source "ChessBase"]
[SourceDate "2022.10.05"]
[SourceVersion "1"]
[SourceVersionDate "2022.10.05"]
[SourceQuality "1"]

1. d4 Nf6 2. c4 e6 3. Nc3 Bb4 4. Qc2 d5 5. cxd5 exd5 6. Bg5 h6 7. Bh4 g5 8. Bg3 Nc6 9. e3 h5 10. f3 h4 11. Bf2 Qe7 12. Bb5 Bd7 13. Nge2 h3 14. g3 g4 15. 0-0-0 gxf3 16. Nf4 Bxc3 17. Qxc3 0-0-0 18. Kb1 Ne4 19. Qc2 Nb4 0-1

[Event "Titled Tuesday intern op 19th Jul Early"]
[Site "Chess.com INT"]
[Date "2022.07.19"]
[Round "4"]
[White "Antonio, Jorge Carlos"]
[Black "Snehal, Bohosale"]
[Result "0-1"]
[WhiteElo "2277"]
[BlackElo "2212"]
[PlyCount "86"]
[EventDate "2022.07.19"]
[EventType "swiss (blitz)"]
[EventRounds "11"]
[EventCountry "USA"]
[SourceTitle "EXT 2023"]
[Source "ChessBase"]
[SourceDate "2022.10.05"]
[SourceVersion "1"]
[SourceVersionDate "2022.10.05"]
[SourceQuality "1"]

1. e4 e5 2. f4 d5 3. exd5 e4 4. d3 Nf6 5. Nc3 Bb4 6. Bd2 0-0 7. dxe4 Bxc3 8. Bxc3 Nxe4 9. Nf3 Nxc3 10. bxc3 Re8+ 11. Be2 Qe7 12. Qd2 b6 13. Kf2 Qc5+ 14. Qd4 Nd7 15. Nd2 Bb7 16. Bf3 Rad8 17. Rhe1 Qd6 18. g3 Qh6 19. h4 Nf6 20. a4 Rf8 21. c4 c6 22. Re5 cxd5 23. cxd5 Bxd5 24. Bxd5 Ng4+ 25. Kg2 Nxe5 26. fxe5 Kh8 27. c4 f5 28. Nf3 f4 29. g4 Qg6 30. Rd1 Qxg4+ 31. Kf2 Qg3+ 32. Ke2 Qg2+ 33. Kd3 Rfe8 34. e6 Rxe6 35. Rg1 Re3+ 36. Qxe3 Qb2 37. Qd4 Qb3+ 38. Ke4 Re8+ 39. Kxf4 Rf8+ 40. Ke4 Qxf3+ 41. Ke5 Qf5+ 42. Kd6 Rd8+ 43. Kc6 Qd7# 0-1

[Event "Titled Tuesday intern op 19th Jul Early"]
[Site "Chess.com INT"]
[Date "2022.07.19"]
[Round "6"]
[White "Snehal, Bohosale"]
[Black "Rosh, Jain"]
[Result "0-1"]
[WhiteElo "2212"]
[BlackElo "2380"]
[PlyCount "52"]
[EventDate "2022.07.19"]
[EventType "swiss (blitz)"]
[EventRounds "11"]
[EventCountry "USA"]
[SourceTitle "EXT 2023"]
[Source "ChessBase"]
[SourceDate "2022.10.05"]
[SourceVersion "1"]
[SourceVersionDate "2022.10.05"]
[SourceQuality "1"]

1. d4 Nf6 2. c4 e6 3. Nc3 d5 4. Nf3 c5 5. cxd5 exd5 6. Bg5 Be7 7. e3 c4 8. Be2 Bf5 9. 0-0 0-0 10. b3 Qa5 11. Rc1 Ba3 12. Bxf6 gxf6 13. bxc4 Bxc1 14. Qxc1 dxc4 15. e4 Bg6 16. Nd5 Nd7 17. Nd2 b5 18. f4 c3 19. Nb3 Qxa2 20. Qe3 Qxb3 21. f5 Rfe8 22. fxg6 Qxd5 23. Qh3 Qxd4+ 24. Kh1 fxg6 25. Rd1 Qxe4 26. Rxd7 Qb1+ 0-1

[Event "Titled Tuesday intern op 05th Jul Early"]
[Site "Chess.com INT"]
[Date "2022.07.05"]
[Round "2"]
[White "Snehal, Bohosale"]
[Black "Fajdetic, Hrvoje"]
[Result "0-1"]
[WhiteElo "2212"]
[BlackElo "2151"]
[PlyCount "64"]
[EventDate "2022.07.05"]
[EventType "swiss (blitz)"]
[EventRounds "11"]
[EventCountry "USA"]
[SourceTitle "CBM 209 Extra"]
[Source "ChessBase"]
[SourceDate "2022.09.30"]
[SourceVersion "1"]
[SourceVersionDate "2022.09.30"]
[SourceQuality "1"]

1. d4 Nf6 2. c4 e5 3. dxe5 Ng4 4. Nf3 Bc5 5. e3 Nc6 6. Nc3 Ngxe5 7. Be2 0-0 8. 0-0 a5 9. b3 Nxf3+ 10. Bxf3 Ne5 11. Be2 Ra6 12. Qd5 Qe7 13. Ne4 Ba7 14. Bb2 Re6 15. Qxa5 Nc6 16. Qa3 Rxe4 17. Bf3 Re6 18. Bxc6 bxc6 19. Qxa7 Rg6 20. Qxc7 Qg5 21. Qg3 Qh5 22. Qf4 d6 23. Kh1 Be6 24. Rad1 d5 25. cxd5 cxd5 26. Bd4 Rg4 27. Qe5 Qg6 28. Rg1 h5 29. f4 Bf5 30. Bc3 Be4 31. Be1 Rxg2 32. Qxe4 Rxg1# 0-1

[Event "Titled Tuesday intern op 05th Jul Early"]
[Site "Chess.com INT"]
[Date "2022.07.05"]
[Round "3"]
[White "Tsotsonava, Elene"]
[Black "Snehal, Bohosale"]
[Result "1-0"]
[WhiteElo "1873"]
[BlackElo "2212"]
[PlyCount "117"]
[EventDate "2022.07.05"]
[EventType "swiss (blitz)"]
[EventRounds "11"]
[EventCountry "USA"]
[SourceTitle "CBM 209 Extra"]
[Source "ChessBase"]
[SourceDate "2022.09.30"]
[SourceVersion "1"]
[SourceVersionDate "2022.09.30"]
[SourceQuality "1"]

1. Nf3 d5 2. e3 Nf6 3. b3 c6 4. Bb2 Bg4 5. Be2 Nbd7 6. d4 e6 7. Nbd2 Bd6 8. h3 Bh5 9. Ne5 Bxe2 10. Qxe2 Bb4 11. c3 Ba5 12. f4 Ne4 13. Nxe4 dxe4 14. 0-0 0-0 15. Nxd7 Qxd7 16. c4 f5 17. Ba3 Rfe8 18. g4 Bd8 19. Kh1 Bf6 20. Rad1 Rad8 21. Rg1 a5 22. Bc5 Qc7 23. a4 b6 24. Ba3 Qb7 25. Rg2 Qd7 26. Rdg1 g6 27. gxf5 exf5 28. Qe1 b5 29. axb5 cxb5 30. h4 bxc4 31. bxc4 Qa4 32. Bc5 Qxc4 33. h5 Kf7 34. Qxa5 Rd7 35. Rh2 Qb3 36. Qe1 Ra8 37. Qg3 Rg8 38. hxg6+ hxg6 39. Rh7+ Ke8 40. Rh3 Rgg7 41. Rh8+ Kf7 42. Qe1 Rd8 43. Rh3 Kg8 44. Qa5 Qf7 45. Qe1 Rh7 46. Rxh7 Kxh7 47. Kg2 Kg7 48. Rh1 Ra8 49. Rh2 Ra2+ 50. Kg1 Ra4 51. Rb2 Qd7 52. Qb1 Kh6 53. Rb7 Qd5 54. Bf8+ Kh5 55. Qd1+ Kh4 56. Qe1+ Kg4 57. Qe2+ Kg3 58. Qg2+ Kh4 59. Rh7# 1-0

[Event "Titled Tuesday intern op 28th Jun Early"]
[Site "Chess.com INT"]
[Date "2022.06.28"]
[Round "2"]
[White "Hartikainen, Jarmo"]
[Black "Snehal, Bohosale"]
[Result "0-1"]
[WhiteElo "2133"]
[BlackElo "2244"]
[PlyCount "44"]
[EventDate "2022.06.28"]
[EventType "swiss (blitz)"]
[EventRounds "11"]
[EventCountry "USA"]
[SourceTitle "CBM 209 Extra"]
[Source "ChessBase"]
[SourceDate "2022.09.30"]
[SourceVersion "1"]
[SourceVersionDate "2022.09.30"]
[SourceQuality "1"]

1. e4 e5 2. Nf3 Nc6 3. Bc4 Nf6 4. Ng5 d5 5. exd5 Na5 6. Bb5+ c6 7. dxc6 bxc6 8. Bd3 Nd5 9. Nf3 Bd6 10. 0-0 0-0 11. Re1 Nf4 12. Nxe5 Qg5 13. Qf3 Bxe5 14. Nc3 Bg4 15. Qe4 Nxd3 16. cxd3 Rfe8 17. f4 Bd4+ 18. Qxd4 Rxe1+ 19. Kf2 Qh4+ 20. g3 Qxh2+ 21. Kxe1 Re8+ 22. Qe4 Qg1# 0-1

[Event "Titled Tuesday intern op 28th Jun Early"]
[Site "Chess.com INT"]
[Date "2022.06.28"]
[Round "3"]
[White "Skliarov, Viktor"]
[Black "Snehal, Bohosale"]
[Result "1/2-1/2"]
[WhiteElo "2387"]
[BlackElo "2244"]
[PlyCount "64"]
[EventDate "2022.06.28"]
[EventType "swiss (blitz)"]
[EventRounds "11"]
[EventCountry "USA"]
[SourceTitle "CBM 209 Extra"]
[Source "ChessBase"]
[SourceDate "2022.09.30"]
[SourceVersion "1"]
[SourceVersionDate "2022.09.30"]
[SourceQuality "1"]

1. e4 e5 2. Nc3 Nf6 3. Bc4 Nc6 4. d3 Bb4 5. Bg5 h6 6. Bxf6 Qxf6 7. Nge2 Na5 8. Bb3 Nxb3 9. axb3 c6 10. 0-0 g5 11. d4 d6 12. dxe5 dxe5 13. Ng3 h5 14. Nxh5 Qh6 15. g4 Bxg4 16. Qxg4 Qxh5 17. Qxh5 Rxh5 18. Ne2 a6 19. Ng3 Rh4 20. c3 Bc5 21. b4 Bb6 22. Rad1 Rd8 23. Kg2 Rf4 24. f3 Rxd1 25. Rxd1 g4 26. Rd3 gxf3+ 27. Rxf3 Rh4 28. Rf5 Bc7 29. Rh5 Rf4 30. Rf5 Rh4 31. Rh5 Rf4 32. Rf5 Rh4 1/2-1/2

[Event "Titled Tuesday intern op 28th Jun Early"]
[Site "Chess.com INT"]
[Date "2022.06.28"]
[Round "4"]
[White "Snehal, Bohosale"]
[Black "Aradhya, Garg"]
[Result "1-0"]
[WhiteElo "2244"]
[BlackElo "2275"]
[PlyCount "123"]
[EventDate "2022.06.28"]
[EventType "swiss (blitz)"]
[EventRounds "11"]
[EventCountry "USA"]
[SourceTitle "CBM 209 Extra"]
[Source "ChessBase"]
[SourceDate "2022.09.30"]
[SourceVersion "1"]
[SourceVersionDate "2022.09.30"]
[SourceQuality "1"]

1. d4 d5 2. c4 c6 3. Nc3 Nf6 4. e3 Bf5 5. cxd5 cxd5 6. Qb3 Nc6 7. Qxb7 Bd7 8. Qb3 Rb8 9. Qd1 e5 10. dxe5 Nxe5 11. Nf3 Nxf3+ 12. gxf3 Bc6 13. Bh3 Bc5 14. Ne2 0-0 15. a3 d4 16. Nxd4 Bxd4 17. exd4 Re8+ 18. Be3 Qa5+ 19. b4 Qh5 20. Bg2 a5 21. Rc1 Bd7 22. Rc5 Bf5 23. Rxa5 Qg6 24. 0-0 Ra8 25. Kh1 Rxa5 26. bxa5 Nd5 27. Qd2 Rc8 28. Rc1 Qa6 29. Rxc8+ Qxc8 30. Bf1 h6 31. a6 Qc6 32. Qc1 Qa8 33. Bb5 Nc7 34. Qc6 Qxc6 35. Bxc6 Nxa6 36. Bf4 Bc8 37. d5 Nc5 38. Bd6 Nb7 39. Bb4 Nd8 40. Bb5 Bb7 41. Bc4 Bc8 42. a4 g5 43. a5 g4 44. fxg4 Bxg4 45. a6 Bc8 46. Ba5 Ne6 47. dxe6 fxe6 48. a7 Bb7+ 49. Kg1 Kf7 50. Bf1 e5 51. Bg2 e4 52. Kf1 Ke6 53. Ke2 Ke5 54. Ke3 Kf5 55. f3 exf3 56. Bxf3 Bxf3 57. Kxf3 Kg5 58. a8Q Kh4 59. Qd8+ Kh5 60. Qd5+ Kh4 61. Bd8+ Kh3 62. Qh5# 1-0

[Event "Titled Tuesday intern op 28th Jun Early"]
[Site "Chess.com INT"]
[Date "2022.06.28"]
[Round "7"]
[White "Vifleemskaia, Svetlana"]
[Black "Snehal, Bohosale"]
[Result "1-0"]
[WhiteElo "1926"]
[BlackElo "2244"]
[PlyCount "69"]
[EventDate "2022.06.28"]
[EventType "swiss (blitz)"]
[EventRounds "11"]
[EventCountry "USA"]
[SourceTitle "CBM 209 Extra"]
[Source "ChessBase"]
[SourceDate "2022.09.30"]
[SourceVersion "1"]
[SourceVersionDate "2022.09.30"]
[SourceQuality "1"]

1. d4 Nf6 2. c4 e6 3. Nc3 Bb4 4. e3 0-0 5. Nge2 d5 6. a3 Be7 7. Nf4 c5 8. cxd5 Nxd5 9. Nfxd5 exd5 10. Bd3 c4 11. Bc2 Bf6 12. 0-0 Nc6 13. b3 Rb8 14. Qh5 g6 15. Qxd5 Be6 16. Qxd8 Rfxd8 17. bxc4 Bxc4 18. Rd1 b5 19. Bb2 a5 20. Ne4 Bg7 21. Rac1 Ne7 22. Bd3 Bb3 23. Rd2 Rdc8 24. Nc5 Bd5 25. Rdc2 f5 26. Nd7 Rxc2 27. Rxc2 Rd8 28. Bxb5 Bb3 29. Rc7 Nd5 30. Rb7 Rc8 31. Nc5 Rxc5 32. dxc5 Bxb2 33. Bc6 a4 34. Bxd5+ Bxd5 35. Rxb2 1-0

[Event "Titled Tuesday intern op 21st Jun Early"]
[Site "Chess.com INT"]
[Date "2022.06.21"]
[Round "2"]
[White "Snehal, Bohosale"]
[Black "Samaganova, Alexandra"]
[Result "0-1"]
[WhiteElo "2244"]
[BlackElo "1864"]
[PlyCount "120"]
[EventDate "2022.06.21"]
[EventType "swiss (blitz)"]
[EventRounds "11"]
[EventCountry "USA"]
[SourceTitle "EXT 2023"]
[Source "ChessBase"]
[SourceDate "2022.10.05"]
[SourceVersion "1"]
[SourceVersionDate "2022.10.05"]
[SourceQuality "1"]

1. d4 Nf6 2. c4 e6 3. Nc3 Bb4 4. Qc2 c5 5. dxc5 Bxc5 6. Nf3 0-0 7. Bg5 Be7 8. e3 a6 9. Bd3 h6 10. Bh4 Qc7 11. Rd1 d6 12. 0-0 Nbd7 13. Qe2 b6 14. Bb1 Bb7 15. Rd4 Rac8 16. b3 d5 17. Bg3 Qc6 18. Rc1 Bc5 19. cxd5 exd5 20. Rdd1 Qe6 21. Qb2 Qe7 22. Rc2 Ba3 23. Qa1 Nc5 24. Bh4 Rfd8 25. Rcd2 g5 26. Nxg5 hxg5 27. Bxg5 Qe5 28. Bf4 Qe6 29. Bg5 Qe5 30. Bf4 Qe6 31. Ne2 Nfe4 32. Nd4 Qg6 33. f3 Bb4 34. fxe4 Bxd2 35. Rxd2 dxe4 36. Rf2 Nd3 37. Rf1 Rc1 38. Rxc1 Nxc1 39. Qc3 Nd3 40. Qc7 Rc8 41. Bxd3 Rxc7 42. Bc4 b5 43. Bxc7 bxc4 44. bxc4 Bc6 45. c5 Bb5 46. Bd6 Qh6 47. Bf4 Qh5 48. Nxb5 axb5 49. c6 Qd1+ 50. Kf2 Qc2+ 51. Kg3 Qxc6 52. h4 Qc4 53. Kg4 Qxa2 54. h5 Qxg2+ 55. Kf5 Qf3 56. Ke5 Qxh5+ 57. Kd4 Qf3 58. Kc3 f5 59. Kb4 Qe2 60. Kc5 Qc4+ 0-1

[Event "Titled Tuesday intern op 14th Jun Early"]
[Site "Chess.com INT"]
[Date "2022.06.14"]
[Round "9"]
[White "Snehal, Bohosale"]
[Black "Lashkin, Jegor"]
[Result "1-0"]
[WhiteElo "2244"]
[BlackElo "2399"]
[PlyCount "65"]
[EventDate "2022.06.14"]
[EventType "swiss (blitz)"]
[EventRounds "11"]
[EventCountry "USA"]
[SourceTitle "EXT 2023"]
[Source "ChessBase"]
[SourceDate "2022.10.05"]
[SourceVersion "1"]
[SourceVersionDate "2022.10.05"]
[SourceQuality "1"]

1. d4 Nf6 2. c4 e6 3. Nc3 Bb4 4. Qc2 d5 5. cxd5 exd5 6. a3 Bxc3+ 7. Qxc3 0-0 8. f3 h6 9. e3 Re8 10. Bd3 Nbd7 11. Ne2 Nf8 12. 0-0 Ng6 13. Bd2 c6 14. Rae1 Nh4 15. Ng3 Be6 16. Kh1 Qd7 17. Bb1 Rad8 18. Bc1 Nf5 19. Ne2 Nd6 20. Ng3 h5 21. Qd3 h4 22. Nh5 Bf5 23. Nxf6+ gxf6 24. e4 dxe4 25. fxe4 Bxe4 26. Rxe4 Nxe4 27. Qf3 f5 28. Qh5 Qxd4 29. Qxf5 Nf6 30. Bh6 Rd5 31. Qc2 Qg4 32. h3 Qg6 33. Rxf6 1-0